Normal view MARC view
  • Jalil, Amna

Entry Personal Name

Number of records used in: 1

001 - CONTROL NUMBER

  • control field: 125470

003 - CONTROL NUMBER IDENTIFIER

  • control field: NUST

005 - DATE AND TIME OF LATEST TRANSACTION

  • control field: 20240829110624.0

008 - FIXED-LENGTH DATA ELEMENTS

  • fixed length control field: 240829|| aca||aabn | a|a d

040 ## - CATALOGING SOURCE

  • Original cataloging agency: NUST
  • Transcribing agency: NUST

100 ## - HEADING--PERSONAL NAME

  • Personal name: Jalil, Amna

670 ## - SOURCE DATA FOUND

  • Source citation: Work cat.: (NUST): Jalil, Amna, Microbiological and Molecular Evaluation of the Extra intestinal Pathogenic E. coli Isolates from Poultry, Bovine, and Human for Determining its Zoonotic Potential/
© 2023 Central Library, National University of Sciences and Technology. All Rights Reserved.